Compendio di storia del diritto medioevale e moderno
Salvato in:
| Natura: | Libro |
|---|---|
| Lingua: | italiano |
| Pubblicazione: |
Nápoles
Giuridiche Simone
2001
|
| Serie: | Manuali Giuridici, 17-1
|
| Soggetti: | |
| Tags: |
Aggiungi Tag
Nessun Tag, puoi essere il primo ad aggiungerne!!
|
MARC
| LEADER | 00000nam a2200000 a 4500 | ||
|---|---|---|---|
| 001 | UCN4381 | ||
| 003 | CL-VaPUC | ||
| 008 | 010803e20010000IT |||||||||||||||||ita|d | ||
| 082 | 0 | 4 | |a 340.09 |b COM |2 21 |
| 245 | 1 | 0 | |a Compendio di storia del diritto medioevale e moderno |
| 300 | |a 302 p | ||
| 942 | |c BK | ||
| 945 | |d 20010803 00:00:00 |a vberengu | ||
| 260 | |a Nápoles |b Giuridiche Simone |c 2001 | ||
| 650 | 0 | |a Derecho medieval |9 314261 | |
| 650 | 0 | |a Derecho romano |9 392784 | |
| 650 | 0 | |a Derecho romano |9 255930 | |
| 650 | 0 | |a Derecho común |9 376758 | |
| 650 | 7 | |a HUMANISMO JURIDICO |2 CL-VaPUC |9 395778 | |
| 651 | 0 | |a Italia |9 254949 | |
| 583 | |a last modification |c 20010803 00:00:00 |k Rodrigo Vera | ||
| 490 | 0 | |a Manuali Giuridici, 17-1 | |
| 999 | |c 296628 |d 296626 | ||
| 952 | |0 0 |1 0 |4 0 |6 340_090000000000000_COM_2001 |7 0 |8 X |9 350577 |a BIBDER |b BIBDER |d 2019-11-20 |i 3741850 |o 340.09 COM 2001 |p 3741850 |r 2019-11-20 |w 2019-11-20 |y BK_X |k DER | ||